| 000 | 01030nam a2200277 i 4500 | ||
|---|---|---|---|
| 001 | bg | ||
| 100 | 1 | _aDRANIEWICZ, Bartosz | |
| 245 | 1 | 0 |
_aRecykling pojazdów wycofanych z eksploatacji : _bkomentarz / _cBartosz Draniewicz. |
| 250 | _aStan prawny 1 stycznia 2006 r. | ||
| 260 |
_aWarszawa : _bWydawnictwo C. H. Beck, _c2006. |
||
| 300 |
_aXIX, [1], 308 s. ; _c20 cm. |
||
| 490 | 1 | _aKrótkie Komentarze Becka | |
| 504 | _aBibliogr. s. XVII-XIX. Indeks. | ||
| 650 | 9 |
_aSamochody _xrecykling _xprawo _zPolska _ystan na 2006 r. |
|
| 650 | 9 |
_aSamochody _xrecykling _xprawo wspólnotowe europejskie _ystan na 2006 r. |
|
| 830 | _aKrótkie Komentarze Becka | ||
| 015 | _aPB 8808/2006 | ||
| 020 | _a8373879870 | ||
| 040 | _cBPK | ||
| 041 | _apol | ||
| 080 | _a349.6:628.5:629.33](438:4-67)(094.4) | ||
| 920 | _a83-7387-987-0 | ||
| 942 | _cKS | ||
| 008 | s pl f |000 0 pol | ||
| 999 |
_c51726 _d51726 |
||
| 856 |
_uhttp://koha.tu.koszalin.pl/cgi-bin/koha/opac-detail.pl?biblionumber=51726 _yKatalog online BPK |
||